000 00406nam a2200169Ia 4500
008 210707s1978 xx 000 0 und d
041 _aeng
082 _a512.5 PROP
100 _aPROSKUYAKOV (I V)
245 _aProblems linear algebra.
260 _aMoscow
_bMir Publishers
_c1978
300 _a453 p
365 _b15
_cINR
563 _aHB
650 _aAlgebra
906 _aLinear algebra problems
999 _c180068
_d180068